Multiplicação em 20 segundos - Statistics

Estatísticas Gerais
  • Esse quiz foi jogado 676 vezes
  • A pontuação média é 10 de 15
Estatísticas das Respostas
Multiplicação Resultado % Correto
1 x 1 1
100%
1 x 8 8
99%
1 x 2 2
96%
2 x 3 6
95%
9 x 2 18
85%
2 x 2 4
83%
4 x 5 20
81%
3 x 3 9
79%
7 x 1 7
77%
9 x 9 81
76%
8 x 4 32
48%
9 x 3 27
39%
6 x 4 24
36%
6 x 5 30
27%
9 x 5 45
17%
Nenhum quiz correspondente encontrado
Distribuição das Pontuações
Porcentagem de Pessoas com Cada Pontuação
Percentil de Números Respondidos
Sua Pontuação Histórica
Você não jogou esse quiz